000 00404nam a2200133Ia 4500
005 20260326235441.0
008 260326s9999||||xx |||||||||||||| ||und||
100 _aRubio Landart, Jaime
245 0 _aOrganización y comercialización de un Estudio de Arquitectura /
_cJaime Rubio Landart
260 _bFundación Diego de Sagredo
300 _a197 p.
650 _aCONSTRUCCIÓN-PLANEAMIENTO
942 _cBK
999 _c7415
_d7415